|
|
|
|
| LEADER |
00000nam a2200000 i 4500 |
| 001 |
DIGUCANT0181 |
| 003 |
NyNyDIG |
| 007 |
cr ||||||||||| |
| 008 |
240403s2023 sp a ob 001 0 spa d |
| 006 |
m o d |
| 035 |
|
|
|a (OCoLC)1427226594
|
| 040 |
|
|
|a DGITA
|b eng
|e rda
|e pn
|c DGITA
|
| 020 |
|
|
|a 9788419024497
|q eBook
|q pdf
|
| 020 |
|
|
|z 9788419024480
|q rústica
|
| 024 |
7 |
|
|a 10.22429/Euc2023.014
|2 doi
|
| 043 |
|
|
|a e-sp---
|
| 050 |
1 |
4 |
|a HG9827 ebook
|
| 100 |
1 |
|
|a Jové Vidal, Leonard,
|d 1973-
|e author.
|
| 245 |
1 |
0 |
|a Seguridad pública, higienismo y bienestar social :
|b proceso histórico de formación del Cuerpo de Bomberos de Lleida (1840-1980) /
|c Leonard Jové Vidal.
|
| 264 |
|
1 |
|a Santander :
|b Ediciones Universidad Cantabria,
|c [2023]
|
| 300 |
|
|
|a 1 online resource :
|b illustrations.
|
| 336 |
|
|
|a text
|b txt
|2 rdacontent
|
| 337 |
|
|
|a computer
|b c
|2 rdamedia
|
| 338 |
|
|
|a online resource
|b cr
|2 rdacarrier
|
| 347 |
|
|
|a text file
|2 rdaft
|
| 347 |
|
|
|b PDF
|
| 490 |
1 |
|
|a Colección Historia ;
|v #154
|
| 504 |
|
|
|a Includes bibliographical references and indexes.
|
| 588 |
0 |
|
|a Online resource; title from PDF title page (Digitalia, viewed April 03, 2024)
|
| 650 |
|
0 |
|a Fire departments
|z Spain
|z Lérida
|x History.
|
| 650 |
|
0 |
|a Fire fighters
|z Spain
|z Lérida
|x History.
|
| 791 |
2 |
|
|a Digitalia (Firm),
|e distributor.
|
| 793 |
0 |
|
|g Digitalia eBook Collection:
|a Universidad de Cantabria
|
| 776 |
0 |
8 |
|i Print version:
|a Jové Vidal, Leonard, 1973-
|t Seguridad pública, higienismo y bienestar social.
|d Santander : Ediciones Universidad Cantabria, [2023]
|z 9788419024480
|
| 830 |
|
0 |
|a Colección historia (Santander, Spain) ;
|v #154.
|
| 856 |
4 |
0 |
|3 Digitalia Hispánica
|u https://www.digitaliapublishing.com/a/136706/
|
| 910 |
|
|
|a Premium collection: 2024
|